000 01023 a2200229 4500
005 20260323143401.0
008 260323b |||||||| |||| 00| 0 eng d
020 _a8173092710 (hbk)
037 _cTB
040 _aCRL
_cCRL
041 _2hin
_ahin
084 _aO152,3N40,AN P9
_qCRL
100 _aसचदेव, पद्मा
_9863189
245 _aअब ना बनेगी देहरी:
_bरोमांचकारी विश्व - विख्यात उपन्यास
260 _aदिल्ली, भारत:
_bसस्ता साहित्य मण्डल प्रकाशन,
_c2009.
300 _a176पृ.
365 _b200.00
_cINR
650 _aहिन्दी कहानी
650 _aहिन्दी साहित्य
942 _cTB
_2CC
_hO152,3N40,AN P9
999 _c1467340
_d1467340